000 00969nam a2200313 a 4500
003 CHAP
005 20220329142217.0
008 000218s1992 mx a r 00010 spa d
010 _a79967
011 _a80939
020 _a9686664584
035 _a91396
040 _cCHAP
082 0 4 _a918.01
_bF8
100 0 0 _aFuente, Beatriz de la.
_943815
245 1 0 _aCabezas colosales Olmecas
_c/por Beatriz de la Fuente
260 _aMéxico, D.F. ;
_bEl Colegio Nacional,
_c1992.
300 _a160 p. :
_bilus.
590 _aBATCH-UPD
_b10
_c20130110
_lUCH01
_h0750
590 _aBATCH-UPD
_b10
_c20130410
_lUCH01
_h0430
590 _aBATCH-UPD
_b10
_c20130914
_lUCH01
_h0359
590 _aCONVERSION
_b10
_c20130109
_lUCH01
_h1344
650 1 4 _aArqueología
_zMéxico.
_97357
650 1 4 _aCivilizaciones prehispánicas.
_923556
901 _aBK
905 _aMayto Villalobos S.
942 _cLIBRO
949 _a918.01 F8
_bBC
_cLIBRO
_d33724000746764
_eLIBRO
_h97099
_i91396
_si
999 _c79967
_d79967